Canciones de amor y de lluvia (Registro nro. 35640)
[ vista simple ]
| 000 -CABECERA | |
|---|---|
| Longitud fija campo de control | 00705nam a2200241 c 4500 |
| 003 - • IDENTIFICADOR DELl NÚMERO DE CONTROL | |
| Identificador del número de control | CO-ViMGA |
| 005 - • FECHA Y HORA DE LA ÚLTIMA TRANSACCIÓN | |
| Fecha y hora de la última transacción | 20230915233138.0 |
| 008 - • CÓDIGOS DE INFORMACIÓN DE LONGITUD FIJA | |
| Códigos de información de longitud fija | 140311s2014 sp | |||| 000 j spa |
| 020 ## - • NÚMERO INTERNACIONAL NORMALIZADO PARA LIBROS | |
| Número Internacional Normalizado para Libros (ISBN) | 9788433997739 |
| 040 ## - FUENTE DE LA CATALOGACIÓN | |
| Centro catalogador de origen | CO-ViMGA |
| Lengua de catalogación | spa |
| Centro transcriptor | CO-ViMGA |
| 041 1# - • CÓDIGO DE LENGUA | |
| Código de lengua original | fre |
| 082 04 - • NÚMERO DE LA CLASIFICACIÓN DECIMAL DEWEY | |
| Número de clasificación (R) | 843.54 |
| Número del ítem | P15c |
| 100 1# - • PUNTO DE ACCESO PRINCIPAL-NOMBRE DE PERSONA | |
| Nombre de persona | Pm̉ies, Sergi |
| Fechas asociadas al nombre | 1960- |
| 240 10 - • TÍTULO UNIFORME | |
| Título uniforme | <a href="Canȯns d'amor i de pluja">Canȯns d'amor i de pluja</a> |
| 245 10 - • TITULO PROPIAMENTE DICHO | |
| Título | Canciones de amor y de lluvia |
| Mención de responsabilidad, etc. | Sergi Pamies, version del autor |
| 300 ## - • DESCRIPCIÓN FÍSICA | |
| Extensión | 150 p. |
| Dimensiones | 22 cm |
| 490 0# - • MENCIÓN DE SERIE | |
| Mención de serie | Panorama de narrativas |
| Designación de volumen o secuencia | 526 |
| 650 14 - • PUNTO DE ACCESO ADICIONAL DE MATERIA - TÉRMINO DE MATERIA | |
| Término de materia o nombre geográfico como elemento inicial | Cuentos catalanes |
| 650 14 - • PUNTO DE ACCESO ADICIONAL DE MATERIA - TÉRMINO DE MATERIA | |
| Término de materia o nombre geográfico como elemento inicial | Literatura catalana |
| 942 ## - ENTRADA DE ELEMENTOS AGREGADOS (KOHA) | |
| Fuente de clasificaión o esquema | Dewey Decimal Classification |
| Koha [por defecto] tipo de item | LIbro |
| Perdido | Fuente de clasificación o esquema | Estado Físico | No para préstamo | Forma de adquisición | Localización permanente | Localización actual | Fecha adquisición | Préstamos totales | Signatura completa | Código de barras | Fecha última consulta | Número de copia | Fecha del precio de reemplazo | Tipo de item de Koha |
|---|---|---|---|---|---|---|---|---|---|---|---|---|---|---|
| Dewey Decimal Classification | Sala General Segundo Piso | Biblioteca Pública Germán Arciniegas - Villavicencio | Biblioteca Pública Germán Arciniegas - Villavicencio | 08/22/2016 | 843.54 P15c | 30695 | 08/22/2016 | Ej. 1 | 08/22/2016 | LIbro |